MDQL
is popping MORE tags! Check the
thread
!
Quizzes
Events
Quiz Creation
Community
Videos
Private Events
Remove Ads
Sign In
Join for FREE
Feedback
Dark Mode
Quiz Categories
Sports
Geography
Music
Movies
Television
Just For Fun
Miscellaneous
History
Literature
Language
Science
Gaming
Entertainment
Religion
Holiday
For Kids
Quiz Lab
Recent
Popular Today
Quiz Kudos Today
Editor Picks
Curator Picks
Quizzes by...
Day
Popularity
Type
Ratings
Length
Year
Community
Subscriptions
Recent Discussions
Orange Saloon
Badges
Playlists
Quests
Create
Leaderboards
Showdown
Live 5
Trivia Bingo
Activity
Puzzle Library
Sporcle Events
Private Events
Virtual Trivia
Globe League
Become a Host
Pub Owners
SporcleCon
Opinionation
Our Games
Videos
Blog
Mobile Apps
Partnerships
Remove Ads and Go Orange
Feedback
Sports
Athletes
MLB
NBA
NHL
NFL
Soccer
Sports Teams
WWE
NCAA
Football
Premier League
Basketball
Baseball
Hockey
Golf
Tennis
Cricket
Rugby
Auto Racing
Olympics
World Cup
Sports
Athletes
MLB
NBA
NHL
NFL
Soccer
Sports Teams
WWE
NCAA
Football
Premier League
Basketball
Baseball
Hockey
Golf
Tennis
Cricket
Rugby
Auto Racing
Olympics
World Cup
Random Quiz
Search Sporcle
×
Quiz Lab
Quiz Lab
Sports
MLB
Type in answers that appear in a list
Type in answers that appear in a list
Classic
Best Score? Go Orange.
MLB Consecutive 30 Home Run Seasons Stats
Can you name the MLB players with the most consecutive seasons of 30+ home runs?
By
jmnyyankees10
5m
18 Questions
466 Plays
466 Plays
466 Plays
Comments
Comments
Give Quiz Kudos
Give Quiz Kudos
-
- Ratings
hide this ad
Replay
Link that replays current quiz
Next Quiz
Link to next quiz in quiz playlist
You Got
0%
They Got
Avg Score
68%
Avg Friend Score
Upgrade to see
Score Distribution
Jump to the score distribution portion of the page
Score
0/18
Timer
05:00
0
Plays Today
Years
Player
% Correct
13 (1992-
2004)
Barry Bonds
95.1%
8 (1926-
1933)
Babe Ruth
91.6%
13 (1998-
2010)
Alex Rodriguez
87.3%
12 (2001-
2012)
Albert Pujols
85.4%
9 (1929-
1937)
Lou Gehrig
85.4%
10 (1995-
2004)
Sammy Sosa
85%
8 (1955-
1962)
Mickey Mantle
79.8%
12 (1929-
1940)
Jimmie Foxx
78.8%
9 (1996-
2004)
Jim Thome
73.8%
Years
Player
% Correct
9 (1998-
2006)
Manny Ramirez
70%
9 (1979-
1987)
Mike Schmidt
69.5%
9 (1995-
2003)
Rafael Palmeiro
59%
8 (1996-
2003)
Jeff Bagwell
53.2%
9 (1953-
1961)
Eddie Mathews
50.6%
10 (1997-
2006)
Carlos Delgado
49.6%
8 (1992-
1999)
Albert Belle
49.6%
8 (1995-
2002)
Mike Piazza
39.1%
8 (2004-
2011)
Mark Teixeira
24.9%
Quiz Playlist
Details
Report
Send in Message
Add To Playlist
Classic:
Type in answers that appear in a list
Last Updated: Feb 16, 2017
Quiz Scoreboard
CHALLENGE
Sign Up to Join the Scoreboard
Show All
Scores
Hide
Comments
May contain spoilers
Recently Published
Find the 'City' Movie
by crazypaving
Movies
60s
5x2 Blitz: Bands
by SL_Kpop136
Music
30s
Colored Red Africa Blitz
by spor1
Geography
30s
More to Explore
Quiz From the Vault
Featured Blog Post
14 Easter Pick-up Lines to Find Eggs With
hide this ad
You Might Also Like...
Tags
MLB Quiz
Average
Consecutive
home
Player
run
season
Today's Top Quizzes in Sports
Browse Sports
hide this ad
Today's Top Quizzes in MLB
Browse MLB
Top Contributed Quizzes in Sports
1
Players with Multiple 50 Home Run Seasons
2
Les entraîneurs de l'OM et du PSG au 21e siècle
3
Criteria MLB: Left Handed Sluggers
4
2022 World Cup Stars
5
Les meilleurs buteurs des matchs entre le PSG et l’OM
6
Who Hit More Homers?
7
Les joueurs passés par le PSG et l'OM
8
NBA Logic Puzzle 2.0
9
Top 10 NHL Goal Scorers of All Time
10
MLB Players with Two .350 Batting Average Seasons
Explore More
Trending Topics
Anime
Harry Potter
Marvel
Crossword
NBA
Kpop
Disney
WWE
NFL
The Office
Song
Puzzle
Soccer
Country
Pokémon
hide this ad
More By:
jmnyyankees10
Quiz
Plays
Rating
Category
Featured
Created
MLB Highest Paid Player by Year
78,444
4.71
Sports
Apr 18, 2014
MLB HoF Highest Voting Percentage by Position
57,887
4.57
Sports
May 21, 2015
MLB Home Run Leaders by Two-Decade Span
42,413
4.71
Sports
Jul 19, 2015
MLB: Hall of Famers Active in 1990
34,800
4.82
Sports
Jan 1, 2016
MLB Hitting Leaders by Batting Hand (Career)
31,416
4.66
Sports
Mar 24, 2015
Go to Creator's Profile
Score Distribution
Quiz Creator Spotlight
jmnyyankees10
Follow
Send a Message
Quizzes Created
-
Created Quiz Play Count
-
More By This Creator
Popular Quizzes Today
1
Colored Red Africa Blitz
2
Find the 'City' Movie
3
Find the US States - No Outlines Minefield
4
5x2 Blitz: Bands
5
The Countries of the World
6
Find the US States
7
US States
8
9x9 Crossword: Cartoon Network
More Sports Quizzes
Top 50 Nordic Champions League Appearances
Quiz Lab
Trending Quizzes
Colored Red Europe Blitz I
Colored Red Europe Blitz II
Colored Red Africa Blitz II
Colored Red Europe Blitz III
Colored Red Africa Blitz III
Recently Updated
Godzilla Movies
pecheneg
Grab Bag: 4-10 Letters
pecheneg
2024 March Madness Bracket
pecheneg
Famous TV Couples
Peacemaker
Champions League XIs: Real Madrid
pecheneg
Largest US Cities 1790-2010
pecheneg
Rides in Walt Disney World
pecheneg
Most Oscar Losses (Acting)
pecheneg
Beyoncé Albums
pecheneg
Leaping Animals
pecheneg
Trending Topics
Kpop
Marvel
Anime
Harry Potter
NBA
Crossword
Disney
Pokémon
Country
WWE
Song
The Office
Soccer
NFL
Puzzle
Your Account Isn't Verified!
In order to create a playlist on Sporcle, you need to verify the email address you used during registration. Go to your
Sporcle Settings
to finish the process.
Report this User
Report this user for behavior that violates our
Community Guidelines
.
Details:
Send Report
Go to the Sporcle.com Mobile Site →
Comments